000 00608nam a22001937a 4500
999 _c143658
_d143658
005 20230406105624.0
010 _aENG-119921
020 _c500.00
_a9788124606322
020 _c500.00
_a8124606323
035 _aEN-103453
037 _bDBAD/PUB
082 _a 500SCI
245 _aScience and technology in ancient Indian texts /
_cedited by Bal Ram Singh...[et..al]
260 _aNew Delhi
_bD.K. Printworld
_c2012
270 _aVedasri, F-395, Sudarshan Park
_bNew Delhi
_e110015
300 _axiv,318p. :
_c23cm(Hb)
_bill.
500 _a Includes index
942 _2ddc
_cEN
_h500
_mSCI